[Event "Europa ch s-16 femenino"]
[Site "Herceg Novi  MNT"]
[Date "2008.09.16"]
[Round "2.4"]
[White "Suslova, Alena"]
[Black "Korniyuk, Mariya"]
[Result "1/2-1/2"]
[WhiteElo "2184"]
[BlackElo "2009"]
[PlyCount "32"]
[EventDate "2008.09.15"]
[EventType "swiss"]
[EventRounds "9"]
[Source "lmi"]
[SourceDate "2008.09.15"]

1. c4 g6 2. Nc3 Bg7 3. g3 e5 4. Bg2 Ne7 5. e3 Nbc6 6. Nge2 O-O 7. O-O d6 8. d4
f5 9. Rb1 a5 10. a3 g5 11. f4 gxf4 12. gxf4 Ng6 13. dxe5 dxe5 14. Qxd8 Nxd8 15.
Nd5 Ne6 16. Bd2 Ra6 1/2-1/2

[Event "Europa ch s-16 femenino"]
[Site "Herceg Novi  MNT"]
[Date "2008.09.16"]
[Round "2.5"]
[White "Krasiuk, Kateryna"]
[Black "Shvayger, Yuliya"]
[Result "1-0"]
[WhiteElo "1970"]
[BlackElo "2151"]
[PlyCount "71"]
[EventDate "2008.09.15"]
[EventType "swiss"]
[EventRounds "9"]
[Source "lmi"]
[SourceDate "2008.09.15"]

1. e4 c5 2. Nc3 Nc6 3. g3 g6 4. Bg2 Bg7 5. d3 d6 6. Be3 e6 7. Qd2 Rb8 8. Nge2
Nd4 9. Nd1 b5 10. Nc1 b4 11. c3 bxc3 12. bxc3 Nc6 13. Ne2 Ba6 14. f4 Nge7 15.
O-O Qc7 16. Nf2 O-O 17. Rab1 f5 18. Qc2 Qa5 19. Rb3 Bb5 20. Qd2 c4 21. dxc4
Bxc4 22. Rxb8 Rxb8 23. exf5 gxf5 24. Re1 Qxa2 25. Qxd6 Bxe2 26. Bxc6 Nxc6 27.
Qxc6 a5 28. Qd6 Rc8 29. Rxe2 Qb1+ 30. Qd1 Qb7 31. Bd4 Bf8 32. Rxe6 a4 33. Qxa4
Ra8 34. Qc6 Ra1+ 35. Kg2 Qb8 36. Rg6+ 1-0

[Event "Europa ch s-16 femenino"]
[Site "Herceg Novi  MNT"]
[Date "2008.09.16"]
[Round "2.6"]
[White "Kazimova, Narmin Nizami Qizi"]
[Black "Forgues, Valerie"]
[Result "1/2-1/2"]
[WhiteElo "2148"]
[BlackElo "1999"]
[PlyCount "118"]
[EventDate "2008.09.15"]
[EventType "swiss"]
[EventRounds "9"]
[Source "lmi"]
[SourceDate "2008.09.15"]

1. d4 Nf6 2. Nf3 e6 3. c4 Bb4+ 4. Bd2 Qe7 5. Qc2 b6 6. e4 Bxd2+ 7. Nbxd2 d6 8.
e5 dxe5 9. dxe5 Nfd7 10. Qe4 c6 11. Qg4 f6 12. exf6 Nxf6 13. Qg5 O-O 14. Be2
Nbd7 15. O-O Bb7 16. Rfe1 Rae8 17. Bd3 Qb4 18. Rab1 Qa4 19. Qh4 Nc5 20. Bf1 Qc2
21. Re3 a5 22. Rc3 Qg6 23. Re1 Nfd7 24. Rce3 Rf6 25. Qg5 Qc2 26. R1e2 Qg6 27.
Qxg6 Rxg6 28. g3 Rf6 29. Bg2 Nb8 30. Ne5 Rd8 31. f4 Rd6 32. h4 Nba6 33. a3 a4
34. b4 axb3 35. Nxb3 Rf8 36. Nf3 h6 37. Nbd4 Nc7 38. Bh3 Bc8 39. Kh2 Rfd8 40.
Nb3 N7a6 41. Ne5 Bb7 42. Bg4 Rd1 43. Rb2 Na4 44. Bxe6+ Kh7 45. Bf5+ Kg8 46.
Rbe2 Rf1 47. Ng6 Nc7 48. Kg2 Rfd1 49. Re1 c5+ 50. Kh3 Rxe1 51. Rxe1 Bf3 52. Re7
Ne8 53. Bd7 Nf6 54. Bxa4 Rd1 55. g4 Ne4 56. Re8+ Kh7 57. Nf8+ Kg8 58. Nd7+ Kh7
59. Nf8+ Kg8 1/2-1/2

[Event "Europa ch s-16 femenino"]
[Site "Herceg Novi  MNT"]
[Date "2008.09.16"]
[Round "2.7"]
[White "Goossens, Hanne"]
[Black "Soloviova, Liza"]
[Result "0-1"]
[WhiteElo "1941"]
[BlackElo "2148"]
[PlyCount "74"]
[EventDate "2008.09.15"]
[EventType "swiss"]
[EventRounds "9"]
[Source "lmi"]
[SourceDate "2008.09.15"]

1. e4 e5 2. Nf3 Nc6 3. d4 exd4 4. Nxd4 Nf6 5. Nc3 Bb4 6. Nxc6 bxc6 7. Bd3 d5 8.
exd5 cxd5 9. O-O O-O 10. Bg5 c6 11. Qf3 Bd6 12. Bxf6 Qxf6 13. Qxf6 gxf6 14. Ne2
Rb8 15. b3 Bd7 16. Ng3 Be5 17. Rad1 Rb4 18. Bf5 Be6 19. Bxe6 fxe6 20. Rfe1 Kf7
21. Ne2 Re8 22. Nc1 Rb6 23. Re3 c5 24. Rh3 Kg7 25. Kf1 Re7 26. Nd3 Bd6 27. Ke2
c4 28. Ne1 Rc7 29. Rc3 Be5 30. Rh3 Ra6 31. a4 Rb6 32. Rb1 a5 33. Rf3 Rb4 34.
Kd2 d4 35. Rh3 d3 36. Rf3 Rcb7 37. cxd3 cxb3 0-1

[Event "Europa ch s-16 femenino"]
[Site "Herceg Novi  MNT"]
[Date "2008.09.16"]
[Round "2.8"]
[White "Grigorian, Marine"]
[Black "Manelidou, Maria"]
[Result "1-0"]
[WhiteElo "2131"]
[BlackElo "1975"]
[PlyCount "97"]
[EventDate "2008.09.15"]
[EventType "swiss"]
[EventRounds "9"]
[Source "lmi"]
[SourceDate "2008.09.15"]

1. e4 e6 2. d4 d5 3. exd5 exd5 4. Nf3 Nf6 5. Bd3 Bd6 6. O-O O-O 7. Bg5 h6 8.
Bh4 Bg4 9. Nbd2 Nbd7 10. c3 c6 11. Qc2 Qc7 12. Rfe1 Rfe8 13. Bg3 Bxg3 14. hxg3
Kf8 15. Nf1 Rxe1 16. Rxe1 Re8 17. Rxe8+ Nxe8 18. Ne3 Bxf3 19. gxf3 Ndf6 20. Qa4
b6 21. Nf5 Ng8 22. Kg2 h5 23. b3 g6 24. Ne3 Nd6 25. c4 Ne7 26. Qa3 Kg7 27. Qc1
Qd7 28. a4 Ne8 29. cxd5 Nxd5 30. Nxd5 Qxd5 31. Be4 Qxd4 32. Bxc6 Nd6 33. Qe3
Qf6 34. Bd5 Nf5 35. Qe4 a5 36. f4 Nh6 37. Qe5 Qxe5 38. fxe5 Ng4 39. e6 fxe6 40.
Bxe6 Ne5 41. f4 Kf6 42. Bd5 Nd7 43. Kf3 Ke7 44. Ke3 Nf6 45. Bf3 Ke6 46. Kd4 Ne8
47. Be4 Kf7 48. Ke5 Nf6 49. Bd3 1-0

[Event "Europa ch s-16 femenino"]
[Site "Herceg Novi  MNT"]
[Date "2008.09.16"]
[Round "2.9"]
[White "Trapeznikova, Darya"]
[Black "Zakoscielna, Kinga"]
[Result "1/2-1/2"]
[WhiteElo "1919"]
[BlackElo "2125"]
[PlyCount "83"]
[EventDate "2008.09.15"]
[EventType "swiss"]
[EventRounds "9"]
[Source "lmi"]
[SourceDate "2008.09.15"]

1. d4 Nf6 2. c4 e6 3. Nc3 Bb4 4. Qc2 c5 5. dxc5 O-O 6. Nf3 Bxc5 7. Bg5 h6 8.
Bh4 Be7 9. e3 b6 10. Be2 Bb7 11. O-O d6 12. Rad1 Nbd7 13. b4 a6 14. Bg3 e5 15.
c5 bxc5 16. bxc5 Nxc5 17. Nxe5 Rc8 18. Qb2 Rb8 19. Qc2 Nfe4 20. Nxe4 Bxe4 21.
Qc4 Qa5 22. Nd3 d5 23. Qd4 Rbc8 24. Nxc5 Rxc5 25. Qd2 Qa3 26. Rc1 Rfc8 27. Rxc5
Rxc5 28. Bd1 Bd3 29. Be2 Bxe2 30. Qxe2 Ra5 31. Be5 Qxa2 32. Qg4 Bf8 33. h3 Qc4
34. Qd7 Rb5 35. Qd8 Qc5 36. Ra1 a5 37. Bc7 Kh7 38. Bxa5 Be7 39. Qc7 Bf6 40.
Qxc5 Rxc5 41. Ra2 Be5 42. g4 1/2-1/2

[Event "Europa ch s-16 femenino"]
[Site "Herceg Novi  MNT"]
[Date "2008.09.16"]
[Round "2.10"]
[White "Papp, Petra"]
[Black "Frey, Alisa"]
[Result "1-0"]
[WhiteElo "2118"]
[BlackElo "1939"]
[PlyCount "83"]
[EventDate "2008.09.15"]
[EventType "swiss"]
[EventRounds "9"]
[Source "lmi"]
[SourceDate "2008.09.15"]

1. e4 c5 2. Nf3 d6 3. d4 cxd4 4. Nxd4 Nf6 5. Nc3 a6 6. Be3 e5 7. Nb3 Be6 8. f3
Nbd7 9. g4 Nb6 10. g5 Nh5 11. Nd5 Nxd5 12. exd5 Bf5 13. Qd2 Be7 14. Rg1 O-O 15.
Bd3 Qd7 16. O-O-O g6 17. Kb1 Rac8 18. Nc1 Ng7 19. Ne2 Bxd3 20. Qxd3 Nf5 21. Bf2
Qa4 22. Rg4 Qd7 23. h4 Ng7 24. Rg2 Nh5 25. Rdg1 Rfe8 26. Be3 Bf8 27. Ng3 Nf4
28. Bxf4 exf4 29. Ne4 Bg7 30. Rg4 Qd8 31. Qb3 Be5 32. h5 b5 33. Qd3 Rc4 34. c3
Qc8 35. hxg6 fxg6 36. Nf6+ Bxf6 37. gxf6 Re3 38. Rxg6+ Kf7 39. Rg7+ Kxf6 40.
Rf7+ Kxf7 41. Qxh7+ Kf6 42. Qg7+ 1-0

[Event "Europa ch s-16 femenino"]
[Site "Herceg Novi  MNT"]
[Date "2008.09.16"]
[Round "2.14"]
[White "Paikidze, Nazi"]
[Black "Edes, Zsofia"]
[Result "1/2-1/2"]
[WhiteElo "2277"]
[BlackElo "1812"]
[PlyCount "67"]
[EventDate "2008.09.15"]
[EventType "swiss"]
[EventRounds "9"]
[Source "lmi"]
[SourceDate "2008.09.15"]

1. d4 d5 2. c4 e6 3. Nf3 Nf6 4. Nc3 c6 5. Bg5 Nbd7 6. e3 Qa5 7. Qc2 Bb4 8. Nd2
c5 9. Be2 O-O 10. O-O Re8 11. Nb3 Qc7 12. Nb5 Qb6 13. a3 Ba5 14. dxc5 Qd8 15.
Nxa5 Qxa5 16. b4 Qd8 17. cxd5 exd5 18. Rad1 Re5 19. Bf4 Re7 20. Bc7 Qe8 21. Bd6
Nf8 22. Bxe7 Qxe7 23. Bf3 Be6 24. Nd4 Rc8 25. Nxe6 fxe6 26. e4 dxe4 27. Bxe4
Nxe4 28. Qxe4 Qc7 29. Qe3 Qe7 30. f4 Qf6 31. Qe5 Qg6 32. f5 exf5 33. Qxf5 Qc6
34. Qf7+ 1/2-1/2

[Event "Europa ch s-16 femenino"]
[Site "Herceg Novi  MNT"]
[Date "2008.09.16"]
[Round "2.15"]
[White "Miladinovic, Lena"]
[Black "Eric, Jovana"]
[Result "1/2-1/2"]
[WhiteElo "1850"]
[BlackElo "2111"]
[PlyCount "189"]
[EventDate "2008.09.15"]
[EventType "swiss"]
[EventRounds "9"]
[Source "lmi"]
[SourceDate "2008.09.15"]

1. e4 c5 2. Nf3 d6 3. c3 Nf6 4. h3 a6 5. d3 Nc6 6. Be2 e6 7. O-O Be7 8. Be3 O-O
9. a4 Qc7 10. Nbd2 d5 11. Qc2 e5 12. Bg5 Be6 13. Rfe1 Rac8 14. Bf1 d4 15. Be2
b5 16. axb5 axb5 17. Ra6 dxc3 18. bxc3 b4 19. c4 Rb8 20. Nb3 Bc8 21. Ra2 Nd7
22. Be3 Nd4 23. Bxd4 exd4 24. Rea1 Ne5 25. Qd2 Nxf3+ 26. Bxf3 Qe5 27. Kf1 Bg5
28. Qd1 Kh8 29. Ra5 Be7 30. Qe2 Bd6 31. Ke1 Re8 32. Kd1 Bb7 33. Bg4 g6 34. Qd2
f5 35. exf5 gxf5 36. Bh5 Re7 37. Bf3 Bxf3+ 38. gxf3 f4 39. Ra8 Rbe8 40. Rxe8+
Rxe8 41. Ra6 Re6 42. Kc2 Kg7 43. Qd1 Kf6 44. Nd2 Be7 45. Rxe6+ Qxe6 46. h4 Qa6
47. Qb1 Qa4+ 48. Nb3 Kf5 49. h5 Bh4 50. Kd2 Bxf2 51. Ke2 Be3 52. Nxc5 Qa3 53.
Nb3 Qa7 54. Na1 Qg7 55. Qf1 Qg3 56. Nb3 Qh2+ 57. Kd1 Ke5 58. Qe2 Qxh5 59. Qg2
Kf6 60. Ke2 h6 61. Kf1 Kf5 62. c5 Kf6 63. Ke2 Qd5 64. Qh3 Qxb3 65. Qxh6+ Ke7
66. Qd6+ Kf7 67. Qd7+ Kf6 68. Qd8+ Kg6 69. Qd6+ Kg7 70. Qe5+ Kf7 71. Qc7+ Ke6
72. Qd6+ Kf5 73. Qf8+ Kg6 74. Qd6+ Kg7 75. Qe5+ Kf8 76. Qd6+ Kf7 77. Qd7+ Kg6
78. Qd6+ Kg7 79. Qe5+ Kf7 80. Qc7+ Kf6 81. Qd8+ Kf5 82. Qf8+ Ke5 83. Qd6+ Kf5
84. Qf8+ Kg6 85. Qd6+ Kh7 86. Qe7+ Kg6 87. Qe8+ Kg7 88. Qe5+ Kf8 89. Qd6+ Ke8
90. Qc6+ Kd8 91. Qd6+ Kc8 92. Qc6+ Kd8 93. Qd6+ Kc8 94. Qc6+ Kd8 95. Qd6+
1/2-1/2

[Event "Europa ch s-16 femenino"]
[Site "Herceg Novi  MNT"]
[Date "2008.09.16"]
[Round "2.16"]
[White "Gorozhankina, Julia"]
[Black "Thorsteinsdottir, Hallgerdur"]
[Result "1/2-1/2"]
[WhiteElo "2094"]
[BlackElo "1907"]
[PlyCount "69"]
[EventDate "2008.09.15"]
[EventType "swiss"]
[EventRounds "9"]
[Source "lmi"]
[SourceDate "2008.09.15"]

1. e4 c6 2. d4 d5 3. exd5 cxd5 4. c4 Nf6 5. Nc3 Nc6 6. Nf3 Bg4 7. cxd5 Nxd5 8.
Qb3 Bxf3 9. gxf3 e6 10. Qxb7 Nxd4 11. Bb5+ Nxb5 12. Qxb5+ Ke7 13. Qb7+ Ke8 14.
Qc6+ Ke7 15. Nxd5+ Qxd5 16. Qxd5 exd5 17. Be3 Ke6 18. O-O Bb4 19. Rac1 Rhd8 20.
Rc6+ Rd6 21. Rfc1 Ba5 22. Bf4 Rxc6 23. Rxc6+ Kf5 24. Be3 Bb6 25. a3 d4 26. Bd2
Re8 27. Kf1 d3 28. Rd6 Re2 29. Be1 Rxb2 30. Rxd3 Rb1 31. Ke2 Rb2+ 32. Bd2 Rb1
33. Be1 Rb2+ 34. Bd2 Rb1 35. Be1 1/2-1/2

[Event "Europa ch s-16 femenino"]
[Site "Herceg Novi  MNT"]
[Date "2008.09.16"]
[Round "2.17"]
[White "Hitter, Gabriella"]
[Black "Nesic, Dragana"]
[Result "1/2-1/2"]
[WhiteElo "2075"]
[BlackElo "1873"]
[PlyCount "144"]
[EventDate "2008.09.15"]
[EventType "swiss"]
[EventRounds "9"]
[Source "lmi"]
[SourceDate "2008.09.15"]

1. e4 d5 2. exd5 Qxd5 3. Nf3 Bg4 4. Be2 Nf6 5. d4 e6 6. c4 Bb4+ 7. Bd2 Bxd2+ 8.
Nbxd2 Qd6 9. h3 Bh5 10. Qb3 Qb6 11. Qa4+ c6 12. O-O Bxf3 13. Bxf3 Qxd4 14. Rfd1
Qb6 15. b4 O-O 16. c5 Qc7 17. b5 Nd5 18. Ne4 Nd7 19. Rdc1 Ne5 20. Be2 cxb5 21.
Bxb5 a6 22. Be2 Qc6 23. Qd4 Nd7 24. Rab1 Rac8 25. Bf3 Rc7 26. a4 f6 27. a5 Ne5
28. Be2 Nf4 29. Bd1 Qd5 30. Qe3 Ned3 31. Bb3 Qe5 32. Rc2 Rd8 33. Rd1 Rcd7 34.
Rcd2 Qh5 35. Ng3 Qe5 36. Ne4 Qh5 37. Bc4 Qg6 38. g3 Nxh3+ 39. Kh2 f5 40. Nd6
Nhxf2 41. Qxe6+ Qxe6 42. Bxe6+ Kf8 43. Bxd7 Nxd1 44. Bxf5 N3f2 45. Kg1 g6 46.
Bc2 Nh3+ 47. Kg2 Ndf2 48. Bb3 Rd7 49. Be6 Rc7 50. Rd5 Ke7 51. Bxh3 Nxh3 52.
Kxh3 h6 53. Ne4 Ke6 54. Nc3 Rc6 55. Kg4 Ke7 56. Ne4 Re6 57. Kf4 Rc6 58. Rd6
Rxd6 59. Nxd6 Kd7 60. Nxb7 Kc6 61. Nd8+ Kxc5 62. Ne6+ Kb5 63. Ke5 Kxa5 64. Nc7
Kb6 65. Nd5+ Kc5 66. Nc3 a5 67. Kf6 Kb4 68. Nb1 a4 69. Kxg6 Kb3 70. Kxh6 Kb2
71. Nd2 Kc3 72. Nb1+ Kb2 1/2-1/2

[Event "Europa ch s-16 femenino"]
[Site "Herceg Novi  MNT"]
[Date "2008.09.16"]
[Round "2.18"]
[White "Asan, Elvan"]
[Black "Schut, Donna"]
[Result "0-1"]
[WhiteElo "1874"]
[BlackElo "2069"]
[PlyCount "80"]
[EventDate "2008.09.15"]
[EventType "swiss"]
[EventRounds "9"]
[Source "lmi"]
[SourceDate "2008.09.15"]

1. e4 e6 2. d3 d5 3. Nd2 Nf6 4. g3 dxe4 5. dxe4 Bc5 6. Qe2 Nc6 7. Ngf3 Ng4 8.
Bg2 Bxf2+ 9. Kf1 Bb6 10. Nc4 Qe7 11. Nxb6 axb6 12. c3 e5 13. Bg5 Nf6 14. h3 Be6
15. b4 h6 16. Bc1 Nd7 17. Kf2 O-O 18. g4 f6 19. Nh4 Qf7 20. Nf5 Ne7 21. a3 Rfd8
22. Rg1 Kh7 23. Bf3 Bc4 24. Qe3 Nxf5 25. gxf5 Nf8 26. Be2 b5 27. Qg3 Bxe2 28.
Kxe2 Rd7 29. Qg4 Rad8 30. Be3 Qc4+ 31. Kf2 Qxc3 32. Bxh6 Rd2+ 33. Bxd2 Rxd2+
34. Qe2 Qd4+ 35. Kf3 Rxe2 36. Kxe2 Qxe4+ 37. Kd2 Qxf5 38. Rac1 Ne6 39. Rgf1 Qe4
40. Rc3 Qg2+ 0-1

[Event "Europa ch s-16 femenino"]
[Site "Herceg Novi  MNT"]
[Date "2008.09.16"]
[Round "2.19"]
[White "Stetsko, Lanita"]
[Black "Stojkovska, Monika"]
[Result "1/2-1/2"]
[WhiteElo "2022"]
[BlackElo "1869"]
[PlyCount "89"]
[EventDate "2008.09.15"]
[EventType "swiss"]
[EventRounds "9"]
[Source "lmi"]
[SourceDate "2008.09.15"]

1. e4 c5 2. Nf3 e6 3. d4 cxd4 4. Nxd4 Nc6 5. g3 a6 6. Nc3 Qc7 7. Bg2 Nf6 8. O-O
Be7 9. Nb3 d6 10. a4 Ne5 11. f4 Nc4 12. Qe2 O-O 13. g4 Nd7 14. a5 b5 15. axb6
Ndxb6 16. g5 Bb7 17. Na5 Nxa5 18. Rxa5 Nc4 19. Ra2 Rac8 20. Kh1 f6 21. gxf6
Bxf6 22. Nd1 Nb6 23. b3 e5 24. c4 exf4 25. Bxf4 Rce8 26. Rd2 Be5 27. Bxe5 Rxf1+
28. Qxf1 Rxe5 29. Nc3 Qc5 30. Qd3 Re6 31. Nd5 Bxd5 32. cxd5 Rf6 33. Rc2 Qa5 34.
Qc3 Qb5 35. Bh3 Rf8 36. Qg3 Qb4 37. Bf5 Kh8 38. Qh4 h6 39. Qg3 Nxd5 40. Rg2 Qd4
41. Qg6 Qd1+ 42. Rg1 Qf3+ 43. Rg2 Qf1+ 44. Rg1 Qf3+ 45. Rg2 1/2-1/2

[Event "Europa ch s-16 femenino"]
[Site "Herceg Novi  MNT"]
[Date "2008.09.16"]
[Round "2.20"]
[White "Petrova, Irina"]
[Black "Lisac, Tihana"]
[Result "1-0"]
[WhiteElo "2011"]
[BlackElo "1773"]
[PlyCount "87"]
[EventDate "2008.09.15"]
[EventType "swiss"]
[EventRounds "9"]
[Source "lmi"]
[SourceDate "2008.09.15"]

1. Nf3 Nf6 2. g3 e6 3. Bg2 Be7 4. O-O d5 5. d3 O-O 6. Nbd2 Nbd7 7. e4 e5 8.
exd5 Nxd5 9. Nc4 f6 10. Nh4 N7b6 11. Qh5 Qe8 12. Qe2 c6 13. Ne3 Nxe3 14. fxe3
Be6 15. Bd2 Qd7 16. Kh1 Rf7 17. e4 Bf8 18. Nf5 Rd8 19. Ba5 Re8 20. Qf2 Nc8 21.
Bc3 c5 22. g4 g6 23. h3 Ne7 24. Ne3 Bg7 25. Qg3 b6 26. Rf2 Ref8 27. Raf1 Nc6
28. b3 Ne7 29. Bb2 Nc6 30. Nf5 Nd4 31. Nxg7 Kxg7 32. g5 Qd6 33. Rd2 fxg5 34.
Rxf7+ Rxf7 35. c3 Nb5 36. Qxg5 Bc8 37. a4 Nc7 38. d4 exd4 39. cxd4 Qe7 40.
dxc5+ Kg8 41. Rd8+ Ne8 42. Qxe7 Rxe7 43. Rxc8 bxc5 44. e5 1-0

[Event "Europa ch s-16 femenino"]
[Site "Herceg Novi  MNT"]
[Date "2008.09.16"]
[Round "2.25"]
[White "Sabolova, Gabriela"]
[Black "Homiakova, Elena"]
[Result "0-1"]
[WhiteElo "1814"]
[BlackElo "2078"]
[PlyCount "72"]
[EventDate "2008.09.15"]
[EventType "swiss"]
[EventRounds "9"]
[Source "lmi"]
[SourceDate "2008.09.15"]

1. e4 c5 2. Ne2 Nc6 3. Nbc3 e6 4. g3 d5 5. exd5 exd5 6. d4 Bg4 7. Be3 Bf3 8.
Rg1 Nf6 9. dxc5 Ne5 10. Qd4 Nfd7 11. O-O-O Bxc5 12. Qf4 Qa5 13. Bh3 Bxe2 14.
Nxe2 Bxe3+ 15. Qxe3 O-O 16. Nc3 Nc4 17. Qf4 Qb4 18. Rxd5 Qxb2+ 19. Kd1 Ndb6 20.
Rd3 Qa1+ 21. Qc1 Nb2+ 22. Kd2 Qxc1+ 23. Kxc1 Nxd3+ 24. cxd3 Rad8 25. Kc2 Nd5
26. Nxd5 Rxd5 27. Re1 Rfd8 28. Re3 f5 29. f4 Rc8+ 30. Kb3 Kf7 31. Bg2 Rb5+ 32.
Ka4 a6 33. Re2 Rc3 34. Rd2 Rc1 35. d4 Rcb1 36. Rd3 R1b2 0-1

[Event "Europa ch s-16 femenino"]
[Site "Herceg Novi  MNT"]
[Date "2008.09.16"]
[Round "2.26"]
[White "Vericeanu, Ilinca"]
[Black "Lysenko, Maria"]
[Result "1/2-1/2"]
[WhiteElo "1811"]
[BlackElo "1915"]
[PlyCount "58"]
[EventDate "2008.09.15"]
[EventType "swiss"]
[EventRounds "9"]
[Source "lmi"]
[SourceDate "2008.09.15"]

1. f4 c5 2. e4 Nc6 3. Nf3 e6 4. Bb5 Nge7 5. Nc3 a6 6. Bxc6 Nxc6 7. d3 Be7 8.
O-O O-O 9. a3 d5 10. Qe1 Nd4 11. Qf2 Nxf3+ 12. Qxf3 d4 13. Ne2 b5 14. f5 e5 15.
Qg4 f6 16. Ng3 Kh8 17. Rf3 Qe8 18. Qh4 Rg8 19. Nh5 Qf7 20. g4 g6 21. Ng3 g5 22.
Qh3 Bd7 23. Bd2 c4 24. Qg2 Bf8 25. h4 Bh6 26. Nh5 Qf8 27. Bb4 Qf7 28. Bd2 Qf8
29. Bb4 Qf7 1/2-1/2

[Event "Europa ch s-16 femenino"]
[Site "Herceg Novi  MNT"]
[Date "2008.09.16"]
[Round "2.28"]
[White "Ignat, Xenia"]
[Black "Messina, Roberta"]
[Result "1-0"]
[WhiteElo "1748"]
[BlackElo "1904"]
[PlyCount "47"]
[EventDate "2008.09.15"]
[EventType "swiss"]
[EventRounds "9"]
[Source "lmi"]
[SourceDate "2008.09.15"]

1. d4 Nf6 2. Nf3 b6 3. e3 Bb7 4. Bd3 e6 5. Nbd2 d5 6. c3 Nbd7 7. Ne5 Nxe5 8.
dxe5 Nd7 9. Nf3 c5 10. O-O Qc7 11. Bb5 g6 12. Qa4 Rd8 13. Bxd7+ Qxd7 14. Qxa7
Qc6 15. Qa3 d4 16. cxd4 cxd4 17. Qb3 g5 18. Rd1 Bc5 19. exd4 Rxd4 20. Rxd4 Bxd4
21. Qd3 Bxe5 22. Bxg5 Bd6 23. Rd1 Qd5 24. Qc2 1-0

[Event "Europa ch s-16 femenino"]
[Site "Herceg Novi  MNT"]
[Date "2008.09.17"]
[Round "3.2"]
[White "Soloviova, Liza"]
[Black "Krasiuk, Kateryna"]
[Result "1/2-1/2"]
[WhiteElo "2148"]
[BlackElo "1970"]
[PlyCount "91"]
[EventDate "2008.09.15"]
[EventType "swiss"]
[EventRounds "9"]
[Source "lmi"]
[SourceDate "2008.09.15"]

1. d4 d5 2. c4 e6 3. Nc3 Nf6 4. Bg5 Be7 5. e3 O-O 6. Bd3 c6 7. cxd5 exd5 8. Qc2
Nbd7 9. Nf3 Re8 10. O-O Nf8 11. Rab1 Ne4 12. Bxe7 Qxe7 13. Bxe4 dxe4 14. Nd2
Bf5 15. Rbe1 Bg6 16. Qb3 Kh8 17. Nc4 f6 18. Nd2 Bf7 19. Qd1 Bg6 20. Qg4 Nd7 21.
f3 exf3 22. Nxf3 Nb6 23. e4 Qb4 24. Rf2 Rad8 25. a3 Qa5 26. e5 Nd5 27. Nxd5
Qxd5 28. Ref1 Qe4 29. Qh3 Bf5 30. Qg3 Qg4 31. Nh4 Qxg3 32. hxg3 Bg6 33. exf6
gxf6 34. Rxf6 Rxd4 35. Nf3 Rc4 36. Rf2 Kg7 37. Rd6 Re7 38. Kh2 Rce4 39. Rfd2 c5
40. Rd7 Kf6 41. R7d6+ R4e6 42. Rd8 Re2 43. g4 b6 44. Kg3 Rxd2 45. Rxd2 Re4 46.
Rd7 1/2-1/2

[Event "Europa ch s-16 femenino"]
[Site "Herceg Novi  MNT"]
[Date "2008.09.17"]
[Round "3.4"]
[White "Korniyuk, Mariya"]
[Black "Paikidze, Nazi"]
[Result "0-1"]
[WhiteElo "2009"]
[BlackElo "2277"]
[PlyCount "60"]
[EventDate "2008.09.15"]
[EventType "swiss"]
[EventRounds "9"]
[Source "lmi"]
[SourceDate "2008.09.15"]

1. e4 c5 2. Nc3 d6 3. f4 g6 4. Bc4 Bg7 5. f5 Nf6 6. fxg6 hxg6 7. d3 Bg4 8. Nf3
Nc6 9. Bb5 Nd7 10. Bxc6 bxc6 11. Bf4 Qb6 12. Na4 Qa5+ 13. c3 Ne5 14. Ke2 Nxf3
15. gxf3 Bh3 16. Rb1 Rb8 17. Rg1 Bc8 18. c4 Bd4 19. Rg2 Bh3 20. Rg3 Qa6 21. Be3
Bf1+ 22. Kxf1 Bxe3 23. Kg2 Bf4 24. Rh3 Rxh3 25. Kxh3 Kd7 26. Kg4 e5 27. b4 Qc8
28. bxc5 Ke7+ 29. Kh4 Qh8+ 30. Kg4 Qh5# 0-1

[Event "Europa ch s-16 femenino"]
[Site "Herceg Novi  MNT"]
[Date "2008.09.17"]
[Round "3.5"]
[White "Tsatsalashvili, Keti"]
[Black "Petrova, Irina"]
[Result "1-0"]
[WhiteElo "2271"]
[BlackElo "2011"]
[PlyCount "153"]
[EventDate "2008.09.15"]
[EventType "swiss"]
[EventRounds "9"]
[Source "lmi"]
[SourceDate "2008.09.15"]

1. d4 Nf6 2. c4 e6 3. Nf3 b6 4. a3 c5 5. d5 Ba6 6. b3 exd5 7. cxd5 g6 8. Ra2
Bg7 9. e3 Bxf1 10. Kxf1 d6 11. g3 O-O 12. Kg2 Nbd7 13. Re1 Re8 14. Rae2 Ne4 15.
Nfd2 f5 16. f3 Nef6 17. Nc3 Nh5 18. Qc2 Ne5 19. f4 Ng4 20. Nf3 Nhf6 21. Ng5 Qd7
22. h3 Nh6 23. Kh2 Nf7 24. Ne6 Bh8 25. Rd1 Nd8 26. Ng5 Nf7 27. Nf3 Ne4 28. Bb2
Rab8 29. Nxe4 fxe4 30. Nd2 Bxb2 31. Qxb2 b5 32. g4 Qe7 33. Rf1 Nh6 34. Rg2 Qf7
35. Nb1 Qxd5 36. Rd2 Qe6 37. Nc3 Rf8 38. Rfd1 b4 39. axb4 Rxb4 40. Nd5 Rb7 41.
Qc3 Rbf7 42. g5 Nf5 43. Nf6+ Rxf6 44. gxf6 Qxf6 45. Qxf6 Rxf6 46. Kg1 Rf7 47.
Kf2 Rb7 48. Rb1 Kf7 49. Rc2 Rb5 50. Rcb2 Ke6 51. b4 c4 52. Ra2 Rb7 53. Ra6 Rc7
54. Rba1 Rb7 55. R1a4 c3 56. Rc6 a5 57. Rxc3 axb4 58. Rc4 d5 59. Rcxb4 Rc7 60.
Ra6+ Kf7 61. Rb2 Kg7 62. Ra5 Ne7 63. Rab5 Kf6 64. Rb6+ Kf7 65. Rb7 Rc6 66. Ra2
Ke6 67. Rab2 Kf7 68. Ke2 Rc3 69. Ra7 Rc6 70. Rbb7 Re6 71. Kd2 Kf6 72. Rc7 h6
73. h4 g5 74. hxg5+ hxg5 75. fxg5+ Kf7 76. g6+ Kf6 77. g7 1-0

[Event "Europa ch s-16 femenino"]
[Site "Herceg Novi  MNT"]
[Date "2008.09.17"]
[Round "3.6"]
[White "Forgues, Valerie"]
[Black "Savina, Anastasia"]
[Result "1/2-1/2"]
[WhiteElo "1999"]
[BlackElo "2269"]
[PlyCount "83"]
[EventDate "2008.09.15"]
[EventType "swiss"]
[EventRounds "9"]
[Source "lmi"]
[SourceDate "2008.09.15"]

1. e4 c5 2. Nf3 Nc6 3. d4 cxd4 4. Nxd4 e5 5. Nb5 d6 6. c4 Be7 7. N1c3 a6 8. Na3
f5 9. exf5 Bxf5 10. Bd3 Be6 11. Nc2 Nf6 12. O-O O-O 13. Nd5 Rb8 14. Nce3 Nd4
15. b3 b5 16. Bb2 Nxd5 17. Nxd5 Bg5 18. Qh5 Bh6 19. Rae1 Bf7 20. Qg4 Ne6 21. f4
Nc5 22. Be2 Bxd5 23. cxd5 Bxf4 24. b4 Na4 25. Bc1 Qc8 26. Bxf4 Qxg4 27. Bxg4
Rxf4 28. Rxf4 exf4 29. Rc1 Kf7 30. Rc6 Rd8 31. Rxa6 Kf6 32. Rc6 Ke5 33. Be6 Ra8
34. Rc7 Nb2 35. Rxg7 Rxa2 36. Rxh7 Nd3 37. h4 Nxb4 38. Rb7 Nxd5 39. Bxd5 Kxd5
40. Rxb5+ Ke6 41. h5 d5 42. h6 1/2-1/2

[Event "Europa ch s-16 femenino"]
[Site "Herceg Novi  MNT"]
[Date "2008.09.17"]
[Round "3.7"]
[White "Ponomarenko, Natalia"]
[Black "Suslova, Alena"]
[Result "0-1"]
[WhiteElo "1961"]
[BlackElo "2184"]
[PlyCount "104"]
[EventDate "2008.09.15"]
[EventType "swiss"]
[EventRounds "9"]
[Source "lmi"]
[SourceDate "2008.09.15"]

1. d4 Nf6 2. c4 g6 3. g3 Bg7 4. Bg2 O-O 5. Nf3 d6 6. O-O Nc6 7. Nc3 a6 8. e4 e5
9. d5 Ne7 10. a3 Ne8 11. b4 h6 12. c5 f5 13. Re1 Nf6 14. a4 fxe4 15. Nd2 dxc5
16. bxc5 Nfxd5 17. Qb3 Be6 18. Bxe4 Rb8 19. Nf3 Kh7 20. Bb2 c6 21. Nxd5 cxd5
22. Nxe5 dxe4 23. Qxe6 Qd2 24. Ng4 Qxb2 25. Qxe7 h5 26. Rab1 Qc2 27. Rbc1 Qa2
28. Ra1 Qf7 29. Qxf7 Rxf7 30. Ne3 Bxa1 31. Rxa1 Rc8 32. Rc1 Kg7 33. Kf1 Re7 34.
Ke2 Re5 35. Rb1 Rc7 36. Nc4 Rexc5 37. Nd6 Rd7 38. Nxb7 Rc4 39. Rb6 Rxa4 40. Nc5
Ra2+ 41. Ke3 Rf7 42. Rxa6 Rfxf2 43. Rxa2 Rxa2 44. h4 Ra3+ 45. Kf2 e3+ 46. Ke2
Kf6 47. Kf3 Kf5 48. Nb7 e2+ 49. Kxe2 Rxg3 50. Nd6+ Kg4 51. Kf2 Kxh4 52. Ne4 Ra3
0-1